Desarrollo social, educación y cultura en Africa y América Latina. Memoria

Sábháilte in:
Sonraí bibleagrafaíochta
Formáid: Anaithnid
Foilsithe / Cruthaithe: México D.F.: IMR
Ábhair:
Clibeanna: Cuir clib leis
Níl clibeanna ann, Bí ar an gcéad duine le clib a chur leis an taifead seo!

MARC

LEADER 00000 a2200000 04500
001 19164
003
008 991231s d
040
090 |a 145306  
245 |a Desarrollo social, educación y cultura en Africa y América Latina. Memoria  
260 |a México D.F.:   |b IMR  
300 |a 248 p.  
650 |a CULTURA  
650 |a CAMBIO CULTURAL  
650 |a LIBERALIZACION DEL INTERCAMBIO  
650 |a GLOBALIZACION  
999 |c 12541  |d 12541